Unique Official Country Names Click Quiz - Statistics

General Stats
  • This quiz has been taken 89 times
  • The average score is 10 of 20
Answer Stats
Hint Answer % Correct
Grand Duchy of _____ Luxembourg
83%
Hellenic Republic Greece
81%
Democratic People's Republic of _____ North Korea
72%
Hashemite Kingdom of _____ Jordan
66%
(demonym) Federation Russia
60%
Dominion of _____ Canada
53%
Sultanate of _____ Oman
53%
United (demonym) States Mexico
52%
Union of the _____ Comoros
50%
Socialist Republic of _____ Vietnam
50%
_____ Darussalam Brunei
45%
Arab Republic of _____ Egypt
45%
_____ State Vatican City
43%
Islamic Emirate of _____ Afghanistan
40%
(demonym) Arab Republic Syria
40%
(demonym) Confederation Switzerland
34%
Republic of the Union of _____ Myanmar
31%
United Republic of _____ Tanzania
28%
People’s Democratic Republic of _____ Algeria
26%
Democratic Socialist Republic of _____ Sri Lanka
26%
No matching quizzes found
Score Distribution
Percent of People with Each Score
Percentile by Number Answered
Your Score History
You have not taken this quiz